Statistiques concernant Culture Générale - Série 1997

Cliquez ici pour prendre le quiz!

Statistiques générales

  • Ce quiz a été pris 63 fois
  • Le résultat moyen est 4 sur 10

Statistiques - réponses

QuestionRéponse% Correct
On peut garer sa voiture en .... (3 lettres)épi
87%
De quel pays Sanaa est-elle la capitale ?Yémen
72%
Comment appelle-t-on un amateur passionné (d'abord de corridas) ?aficionado
68%
Étendue des sons qui peuvent être émis normalement par une voix, un instrument - 9 lettres commençant par "t"tessiture
55%
Quel mot latin désigne une éminence artificielle,de terre et de pierres, circulaire ou non, recouvrant une sépulture ? voir phototumulus
37%
Quelle est l'unité monétaire de la Corée (Nord et Sud) ?won
25%
Terre argileuse ocreuse utilisée pour fabriquer des poteries - 3 lettressil
25%
De quel pays d'Asie la province d'Asir fait-elle partie ?Arabie saoudite
22%
Autorisation donnée à un ecclésiastique d'exercer les fonctions de son ministère dans un autre diocèse ou permission de sortir, billet de sortieexeat
8%
Maladie tropicale négligée qui atteint la peau, les os et les cartilages et touche principalement les enfants - 4 lettrespian
3%

Distribution des résultats

Percentile par nombre de réponses

% des personnes avec chaque résultat

Votre développement - résultats

Vous n’avez pas pris ce quiz